LEADER 09188nam 2200565 450 001 9910433231803321 005 20210622101111.0 010 $a958-8943-52-3 035 $a(CKB)4100000011290906 035 $a(MiAaPQ)EBC6772940 035 $a(EXLCZ)994100000011290906 100 $a20210622d2019 uy 0 101 0 $aspa 135 $aurcnu|||||||| 181 $ctxt$2rdacontent/spa 182 $cc$2rdamedia/spa 183 $acr$2rdacarrier/spa 200 00$aPopaganda $eel fracaso institucional y el triunfo de nadie /$fJuan Diego Lo?pez Medina, Julio Ce?sar Ri?os Valderrama, Johan Manuel Quintero Restrepo, Natalia Bustamante Osorio 210 1$aMedelli?n :$cUniversidad Cato?lica Luis Amigo?,$d2019. 215 $a1 recurso en li?nea (262 pa?ginas) 320 $aIncluye referencias. 327 $aPA?GINA LEGAL -- I?NDICE GENERAL -- LISTA DE TABLAS -- TABLA 1: RELACIO?N ENTRE SUBSISTEMAS E (...) -- TABLA 2: RELACIO?N ENTRE SUBSISTEMAS Y CRISIS -- TABLA 3: APOYO DE EE. UU. A FUERZAS POLI?TICO-MILITARES EN OTROS (...) -- TABLA 4: TIPOS DE ADAPTACIO?N CULTURAL SEGU?N ROBERT (...) -- TABLA 5: PROPAGANDA NEGRA, BLANCA Y FUCSIA -- LISTA DE FIGURAS -- FIGURA 1: PO?STER ¿TE HAS INCORPORADO COMO (...) -- FIGURA 2: PO?STER DEBES TRABAJAR CON UN RIFLE A (...) -- FIGURA 3: PO?STER ¡DEBEMOS CUMPLIR TODO LO QUE EL PARTIDO HA (...) -- FIGURA 4: PO?STER ESPERANZA -- FIGURA 5: ENTRE MIS AMIGOS, LOS MEJORES PRESIDENTES. DONALD TRUMP (...) -- FIGURA 6: RETRATO PRESIDENCIAL -- FIGURA 7: LA IMAGEN DEL PRESIDENTE SUIZO QUE SE HIZO (...) -- FIGURA 8: THOMAS CARLYLE -- FIGURA 9: PERSONAJES HEROICOS EN EL CINE (...) -- FIGURA 10: PO?STER GENTE DE TODOS LOS PAI?SES, NACIONALIDADES Y (...) -- FIGURA 11: CICLO DE LUCRO MUTUO -- FIGURA 12: INTERCONEXIO?N (TRANSMEDIACIO?N) DE CICLOS DE (...) -- FIGURA 13: TA?CTICAS DE MANIPULACIO?N MEDIA?TICA -- FIGURA 14: PO?STER PREPARADOS CONSTANTEMENTE PARA DEFENDER LAS (...) -- FIGURA 15: VOLANTE, PARTIDO CENTRO DEMOCRA?TICO -- FIGURA 16: LA CREATIVIDAD DE LOS POLI?TICOS REGIONALES, (...) -- FIGURA 17: PASACALLE, PARTIDO CAMBIO RADICAL -- FIGURA 18: EVENTO, PARTIDO LIBERAL -- FIGURA 19: PAULINA VEGA, LA MISS UNIVERSO (...) -- FIGURA 20: PUBLICIDAD POLI?TICA DEL PRESIDENTE DE (...) -- FIGURA 21: OPORTUNIDAD DE INTERVENCIO?N A UNA IMAGEN -- FIGURA 22: CONCENTRACIO?N EN ESPACIO PU?BLICO, PARTIDO (...) -- FIGURA 23: PASACALLES, PARTIDO DE LA UNIO?N NACIONAL (ADELANTE) Y PENDO?N (ATRA?S) (...) -- FIGURA 24: VOLANTE, PARTIDO VERDE -- FIGURA 25: ARGUMENTOS RELATIVOS A PROPAGANDA Y EDUCACIO?N, (...) -- FIGURA 26: PUBLICIDAD POLI?TICA, PARTIDO VERDE -- FIGURA 27: COMPETENCIA DE PUBLICIDAD POLI?TICA, (...) -- FIGURA 28: PUBLICIDAD POLI?TICA, ADHESIVO, PARTIDO -- FIGURA 29: PUBLICIDAD POLI?TICA, MURAL, PARTIDO (...) -- FIGURA 30: PUBLICIDAD POLI?TICA, BACKING MURAL, (...) -- FIGURA 31: DETERMINANTES PREPOLI?TICOS DEL SISTEMA (...) -- FIGURA 32: JAMES MARSHALL HENDRIX: SOLDADO VICIOSO, (...) -- FIGURA 33: MARADONIANOS -- FIGURA 34: PROPUESTAS DE USUARIOS PARA COMPLETAR LA -- FIGURA 35: TIPOS DE PODER -- FIGURA 36: CADENA DE RELACIONES DE PODER -- FIGURA 37: PO?STER CONMEMORATIVO UNIO?N. NACE EN (...) -- FIGURA 38: TRANSINSTITUCIONALIDAD -- FIGURA 39. CARTEL PODERA LOS SOVIE?TICOS Y NO HAY PODER (...) -- FIGURA 40: USO DE SUCESOS POLI?TICOS COMO TA?CTICA PARA EL (...) -- FIGURA 41: DESINFORMACIO?N EN REDES SOCIALES -- FIGURA 42: ESTRUCTURAS DE COMUNICACIO?N INSTITUCIONALIZADA Y (...) -- FIGURA 43: TURBA: SIN CRITERIO NI IDENTIDAD -- FIGURA 44: MANIPULACIO?N DE IMA?GENES PARA CREAR MEMES (...) -- FIGURA 45: RELACIO?N DE ADAPTACIO?N O RECHAZO (...) -- FIGURA 46: POLI?TICAMENTE CORRECTO -- FIGURA 47: EL FRANCO FRANCE?S -- FIGURA 48. INTOLERANCIA EN REDES -- FIGURA 49: ALCALDE DESAPARECIDO -- LISTA DE MEMES -- MEME 1: IDENTIDAD DE GE?NERO POLI?TICO, PROGREFO?BICOS -- MEME 2: UN MAN DE QUINTA, UN MANTECO -- MEME 3: REVOCATORIA DE MANDATO -- MEME 4: JOSE? MANUEL VELA?SQUEZ -- MEME 5: MI VIDA NO TIENE SENTIDO -- MEME 6: SEGURO ESTA? PENSANDO EN OTRA -- MEME 7: NO QUIERO TU PIROPO -- MEME 8: TRANSMART -- MEME 9: METALERO ARREPENTIDO -- MEME 10: TREMENDA BANDA -- MEME 11: BANDA PROHIBIDA -- MEME 12: HOGUERA MEDIA?TICA -- MEME 13: NO A MURDOCK EN COLOMBIA -- MEME 14: OBAMA VS. TRUMP -- MEME 15: TRUMP -- MEME 16: STOP TWEETING -- MEME 17: LOS VOTANTES MA?S TONTOS -- MEME 18: NOVEDOSO CEPILLO -- MEME 19: HACER DEPORTE -- MEME 20: LOS LAGARTOS -- MEME 21: LOS LADRONES NO LEEN -- MEME 22: IVA?N DUQUE ES SU PRESIDENTE -- MEME 23: ...QUE LO QUIERE MUCHO -- MEME 24: URIBE TE QUIERE BASTANTE! -- MEME 25: 10 MILLONES DE GILIPOLLAS -- MEME 26: SALUDES DE SU ESPOSO -- MEME 27: CIZAN?ERO -- MEME 28: Y ENTONCES LE DIJO -- MEME 29: SALUDOS DE POPEYE -- MEME 30: SE QUEBRO? UNA COSTILLA -- MEME 31: PONTE EN SUS ZAPATOS -- MEME 32: ENRIQUE NO CONTESTA -- MEME 33: KIKE (ELIF) -- MEME 34: VERSIO?N KONRAD LORENZ -- MEME 35: HOLA PERDIDO -- MEME 36: 2 HORAS LUEGO DEL BROWNIE -- MEME 37: LOCOS CON LINTERNAS -- MEME 38: ABRAZO PRESIDENCIAL -- MEME 39: ANTROPOFAGIA -- MEME 40: DOCTORADO EN CIENCIAS AMBIENTALES Y (...) -- MEME 41: BUSCANDO EL DOCTORADO -- MEME 42: GAVIOTA VS. STARBUCKS® -- MEME 43: RAPIPAPA® -- MEME 44: FRONTERAS -- MEME 45: CAPITA?N ESTADOS UNIDOS -- MEME 46: MALOS RESULTADOS ICFES -- MEME 47: NOVIO MARXISTA -- MEME 48: LOGROS MARXISTAS -- MEME 49: SUCCESSFUL BRANDING -- MEME 50: TROMPETISTA -- MEME 51: PETRISTES -- MEME 52: LAS MISMAS RATAS -- MEME 53: PETRISTAS Y PETRISTOS -- MEME 54: NOS VAMOS A CAER BIEN -- MEME 55: DOLOR AJENO -- MEME 56: ARROBA -- MEME 57: JESU?S ROCKERO -- MEME 58: TOM ARAYA -- MEME 59: SU OPINIO?N VALE V**GA -- MEME 60: EMPLEADO DEL MES -- MEME 61: CHAT -- MEME 62: CAJERO AUTOMA?TICO -- MEME 63: LUCHA POR LA EDUCACIO?N PU?BLICA -- MEME 64: TURISMO SEXUAL -- MEME 65: VOTANDO POR EL HACHA -- MEME 66: CONFABULACIO?N -- MEME 67: URIBE ES COLOMBIA -- MEME 68: SEA CONSECUENTE CON LO QUE PREDICA -- MEME 69: NO NOS OBLIGUEN A ROBAR -- MEME 70: SEGUNDO PUESTO -- MEME 71: NEONAZIS -- MEME 72: MUY BUENO -- MEME 73: EXPROPIADO -- MEME 74: SIN NOMBRAR A URIBE -- MEME 75: POLI?TICOS DE FACEBOOK® -- MEME 76: DE LAS GREN?AS -- MEME 77: LO DESTACAN POR PILO -- MEME 78: DI?A DEL JUICIO FINAL -- MEME 79: PILOTO INFARTADO -- MEME 80: LAS MISMAS RATAS -- MEME 81: SEGUIREMOS EN SUIZA -- MEME 82: TU? DECIDES -- MEME 83: AUTORES INTELECTUALES -- MEME 84: CARA DE PETRISTA -- MEME 85: PLAN DE GOBIERNO -- MEME 86: MEGALADRO?N -- MEME 87: TAL VEZ ME RECUERDEN -- MEME 88: AL MENOS NO ALUCINE? -- MEME 89: MOCKUS EN SU SITIO -- MEME 90: MOCKUS LIMPIO -- MEME 91: HUMILLADA POR UN SENADOR -- MEME 92: CESO? LA HORRIBLE NOCHE -- MEME 93: AHI? LE DEJO -- MEME 94: ES MERENGUE, NO MERENGUE -- MEME 95: FAJARDING -- MEME 96: UN DI?A SERA?S UN HOMBRE -- MEME 97: DESPRESTIGIAR LA IMAGEN -- MEME 98: ESCALA PARACA -- MEME 99: CORTE AUC -- MEME 100: PETRISTAS Y PETRISTOS -- MEME 101: VLADINAL TRUTIN -- MEME 102: LUBE -- MEME 103: COQUETOS -- MEME 104: SE LOS DIJE -- MEME 105: CLASE DE HISTORIA -- MEME 106: PUT IN -- PRO?LOGO -- PRESENTACIO?N -- ASPECTOS TEO?RICOS -- DESARROLLO DEL TEXTO -- HISTORIA Y ESTRATEGIA DE PROPAGANDA -- CAMPO DE ESTUDIO -- BREVE HISTORIA -- PERSUASIO?N Y ESTRATEGIAS -- PROPAGANDA DE GUERRA -- INTRODUCCIO?N A LA PUBLICIDAD POLI?TICA Y LA PROPAGANDA (...) -- CONCEPTOS RELATIVOS A LA PROPAGANDA -- NACIO?N Y ESTADO -- E?TICA -- VERDAD -- LIBERTAD -- IDENTIDAD -- IGUALDAD Y EQUIDAD -- EL PODER TIRANI?A Y LAS LEYES -- PROPAGANDA Y SOCIEDAD -- INSTITUCIONALIDAD -- PROPAGANDA MODERNA -- PRENSA, COMUNICACIO?N Y CONSUMO -- OPINIO?N PU?BLICA -- POPAGANDA -- PROSUMIDORES -- CULTURA POP Y SU INCIDENCIA EN LA PROPAGANDA -- POPAGANDISTAS -- PROPAGANDA FUCSIA -- MONTAJES + MENTIRAS + MAQUILLAJES + MOFAS = MEMES -- GUSTAVO PETRO -- CAUSAS POLI?TICAS -- MARDUK -- DONALD TRUMP -- IVA?N DUQUE -- ENRIQUE PEN?ALOSA -- SOBERANI?A Y MARCAS -- MOVIMIENTOS O PARTIDOS POLI?TICOS -- OPINIO?N Y OPINIO?N PU?BLICA -- ALBERTO CARRASQUILLA -- ANTANAS MOCKUS -- JUAN MANUEL SANTOS -- SERGIO FAJARDO -- A?LVARO URIBE -- GEOPOLI?TICA -- VLADIMIR PUTIN -- CONSIDERACIONES FINALES -- REFERENCIAS. 606 $aComunicacio?n en poli?tica 606 $aPublic opinion 606 $aPropaganda 606 $aCommunication in politics 606 $aAdvertising, Political 606 $aPublicidad poli?tica 606 $aPropaganda 606 $aOpinio?n pu?blica 608 $aLibros electronicos. 615 4$aComunicacio?n en poli?tica. 615 0$aPublic opinion. 615 0$aPropaganda. 615 0$aCommunication in politics. 615 0$aAdvertising, Political. 615 4$aPublicidad poli?tica. 615 4$aPropaganda. 615 4$aOpinio?n pu?blica. 676 $a303.375 702 $aBustamante Osorio$b Natalia 702 $aLo?pez Medina$b Juan Diego 702 $aQuintero Restrepo$b Johan Manuel 702 $aRi?os Valderrama$b Julio Ce?sar 801 0$bFINmELB 801 1$bFINmELB 906 $aBOOK 912 $a9910433231803321 996 $aPopaganda$92066639 997 $aUNINA LEADER 03217nam 22004455 450 001 9910338047503321 005 20200704012004.0 010 $a3-658-23518-7 024 7 $a10.1007/978-3-658-23518-5 035 $a(CKB)4100000006374646 035 $a(MiAaPQ)EBC5510216 035 $a(DE-He213)978-3-658-23518-5 035 $a(PPN)259455881 035 $a(EXLCZ)994100000006374646 100 $a20180906d2019 u| 0 101 0 $aeng 135 $aurcnu|||||||| 181 $ctxt$2rdacontent 182 $cc$2rdamedia 183 $acr$2rdacarrier 200 10$aMilitary Crisis Management Operations by NATO and the EU $eThe Decision-Making Process /$fby Claudia Fahron-Hussey 205 $a1st ed. 2019. 210 1$aWiesbaden :$cSpringer Fachmedien Wiesbaden :$cImprint: Springer VS,$d2019. 215 $a1 online resource (337 pages) 225 1 $aResearch 311 $a3-658-23517-9 327 $aThe Conduct of Military Crisis Management Operations by NATO and the EU -- The Principal-Agent Explanation for Agent Selection.-The Decision for a NATO Operation in Libya -- The Decision for an EU Operation in Chad/CAR -- The Decision for NATO Operations and an EU Operation off the Horn of Africa. . 330 $aThis book analyzes both NATO?s and the EU?s military crisis management operations and provides an explanation for the fact that it is sometimes NATO, sometimes the EU, and sometimes both international organizations that intervene militarily in a conflict. In detailed case studies on Libya, Chad/Central African Republic, and the Horn of Africa, Claudia Fahron-Hussey shows that the capabilities and preferences of the organizations matter most and the organizations? bureaucratic actors influence the decision-making process of the member states. Contents ? The Conduct of Military Crisis Management Operations by NATO and the EU ? The Principal-Agent Explanation for Agent Selection ? The Decision for a NATO Operation in Libya ? The Decision for an EU Operation in Chad/CAR ? The Decision for NATO Operations and an EU Operation off the Horn of Africa Target Groups ? Lecturers and students of political science, international relations, and security studies ? Foreign and security policy-makers, government officials, and representatives of international organizations The Author Dr. Claudia Fahron-Hussey wrote this book as a research fellow and lecturer at the Chair of International Politics at the Institute of Political Science at the Technische Universität Dresden. She currently works as a consultant in Berlin. 410 0$aResearch (Wiesbaden, Germany) 606 $aPolitical science 606 $aPolitical Science and International Relations, general$3https://scigraph.springernature.com/ontologies/product-market-codes/900000 615 0$aPolitical science. 615 14$aPolitical Science and International Relations, general. 676 $a363.348094 686 $a08.16.08$2EP-CLASS 700 $aFahron-Hussey$b Claudia$4aut$4http://id.loc.gov/vocabulary/relators/aut$01058888 906 $aBOOK 912 $a9910338047503321 996 $aMilitary Crisis Management Operations by NATO and the EU$92503057 997 $aUNINA